000 00758nam a2200265 i 4500
001 bg
100 1 _aZuffi, Stefano
_d(1961-).
245 0 _aWielki słownik malarzy.
_nT. 3,
_pLen-Raf /
_c[tekst Stefano Zuffi, tł. Hanna Borkowska].
260 _aWarszawa :
_bRzeczpospolita ;
_bHPS,
_c2006.
300 _a125 s. :
_bil. ;
_c26 cm.
490 1 _aKlasycy Sztuki ;
_v43
650 0 _aSztuka
_xhistoria
650 0 _aSztuka
_xbiografie
700 1 9 _aBorkowska, Hanna
_eTł.
830 _aKlasycy Sztuki ;
020 _a9788360688175
020 _a8360688176
040 _cBPK
041 1 _apol
_hita
080 _a7.071A/Z(091)
920 _a978-83-60688-17-5
920 _a83-60688-17-6
942 _cKS
008 s pl f |000 0 pol
999 _c53760
_d53760
856 _uhttp://koha.tu.koszalin.pl/cgi-bin/koha/opac-detail.pl?biblionumber=53760
_yKatalog online BPK